Združenie obcí - ekonomický význam

Náležitosti zmlúv o združení obcí. Registrácia združenia obcí, register združenia obcí a zrušenie združenia obcí. Medzinárodná spolupráca obcí. Ekonomický význam združenia obcí - nižšie výdavky na činnosti, ktoré obce spoločne zabezpečujú v prospech svojich obyvateľov.

Salvato in:
Dettagli Bibliografici
Autore principale: Kašiar, Ján
Natura: Capitolo di libro
Lingua:slovacco
Soggetti:
Tags: Aggiungi Tag
Nessun Tag, puoi essere il primo ad aggiungerne!!

MARC

LEADER 00000naa a2200000 4500
001 0288613
005 20240417075219.3
041 0 |a slo 
044 |a SK 
245 1 0 |a Združenie obcí - ekonomický význam  |c Ján Kašiar 
520 |a Náležitosti zmlúv o združení obcí. Registrácia združenia obcí, register združenia obcí a zrušenie združenia obcí. Medzinárodná spolupráca obcí. Ekonomický význam združenia obcí - nižšie výdavky na činnosti, ktoré obce spoločne zabezpečujú v prospech svojich obyvateľov. 
610 2 0 |a obce 
610 2 0 |a spolupráca medzinárodná 
610 2 0 |a správa verejná 
610 2 0 |a zmluvy 
610 2 0 |a zákony 
100 1 |a Kašiar, Ján